000
00206nam a22000857a 4500
008
170127b xxu||||| |||| 00| 0 eng d
100
_9
2591
_a
Mohan.R
245
_a
Mathesis Class-8
260
_a
New Delhi
_b
GRB
_c
2012
999
_c
5728
_d
5728